Český jazyk 6 : III. díl, Pracovní sešit - přehledy, tabulky, rozbory, cvičení /

Hlavní autor: Hrdličková, Hana, 1937-2000
Jazyk: Čeština
Vydáno: Všeň : Alter, 2011
Vydání: Vyd. 2.
Témata:
Fyzický popis: 79 s. ; 23 cm
Knihy
Uloženo v:
LEADER 01633nam a2200433 a 4500
001 nkc20112200081
003 CZ PrNK
005 20120507141944.0
007 ta
008 110630s2011 xr c p 000 0 cze
015 |a cnb002200081 
020 |a 978-80-7245-259-0  |q (brož.) 
035 |a (OCoLC)791305926 
040 |a OLA001  |b cze  |d ABA001 
072 7 |a 811.162.3  |x Čeština  |2 Konspekt  |9 11 
072 7 |a 37.016  |x Učební osnovy. Vyučovací předměty. Učebnice  |2 Konspekt  |9 22 
080 |a 811.162.3  |2 MRF 
080 |a (075.2)  |2 MRF 
080 |a (076.1)  |2 MRF 
100 1 |a Hrdličková, Hana,  |d 1937-2000  |7 jo20000054864  |4 aut 
245 1 0 |a Český jazyk 6 :  |n III. díl,  |p Pracovní sešit - přehledy, tabulky, rozbory, cvičení /  |c [Hana Hrdličková, Eva Beránková] 
246 1 |i Název v tiráži:  |a Český jazyk pro 6. ročník ZŠ a příslušný ročník víceletých gymnázií 
246 3 |a Český jazyk 6 - pracovní sešit 
246 3 0 |a Český jazyk 6 - přehledy, tabulky, rozbory, cvičení 
250 |a Vyd. 2. 
260 |a Všeň :  |b Alter,  |c 2011 
300 |a 79 s. ;  |c 23 cm 
500 |a Název z obálky 
650 0 7 |a čeština  |7 ph135292  |2 czenas 
650 0 9 |a Czech language  |2 eczenas 
655 7 |a učebnice základních škol  |7 fd133773  |2 czenas 
655 7 |a pracovní sešity  |7 fd133116  |2 czenas 
655 9 |a textbooks (elementary)  |2 eczenas 
655 9 |a activity books  |2 eczenas 
910 2 |a BOA001  |b 2-1285.112,3 
990 |a BK 
995 |a 01 
991 |b 201205  |c NOV  |e dn 
996 6 |b 2610509005  |c 2-1285.112,3  |l MZK  |r Sklad / do 1 hodiny  |n 3  |p p.v.  |w 001241194  |u 000010  |a 1  |e BOA001  |j MZK50  |s P